Giúp bạn tự xử lý 175 bệnh thường gặp : Cẩm nang hoàn chỉnh có minh họa về cách tự chăm sóc y tế

Cuốn sách giúp bạn tự chăm sóc sức khỏe, đề cập hơn 175 bệnh thông thường. Sách dễ sử dụng: chỉ đơn giản là tìm xem bệnh và triệu chứng bệnh của bạn nằm trong chương nào của cuốn sách và tại đây, bạn sẽ tìm thấy lời giải thích đầy đ...

Full beskrivning

Sparad:
Bibliografiska uppgifter
Huvudupphovsman: Vickery, Donald M.
Materialtyp: Bok
Språk:Undetermined
Publicerad: Hà Nội Thông tấn 2008
Ämnen:
Taggar: Lägg till en tagg
Inga taggar, Lägg till första taggen!
Thư viện lưu trữ: Trung tâm Học liệu Trường Đại học Cần Thơ
LEADER 01591nam a2200217Ia 4500
001 CTU_139772
008 210402s9999 xx 000 0 und d
020 |c 110000 
082 |a 616 
082 |b V637 
100 |a Vickery, Donald M. 
245 0 |a Giúp bạn tự xử lý 175 bệnh thường gặp : 
245 0 |b Cẩm nang hoàn chỉnh có minh họa về cách tự chăm sóc y tế 
245 0 |c Donald Vickery, James F. Fries ; Người dịch: Nguyễn Xuân Hồng, Trần Phương Hà 
260 |a Hà Nội 
260 |b Thông tấn 
260 |c 2008 
520 |a Cuốn sách giúp bạn tự chăm sóc sức khỏe, đề cập hơn 175 bệnh thông thường. Sách dễ sử dụng: chỉ đơn giản là tìm xem bệnh và triệu chứng bệnh của bạn nằm trong chương nào của cuốn sách và tại đây, bạn sẽ tìm thấy lời giải thích đầy đủ về nguyên nhân và cách xử lý vấn đề ngay tại nhà. Cuốn sách cẩm nang tuyệt vời này còn đề cập đến các trường hợp khẩn cấp, cách phòng ngừa bệnh tật, giới thiệu 20 thứ bạn nên cất giữ trong tủ thuốc gia đình, và cách tiếp xúc với bác sĩ mang lại hiệu quả cao nhất. 
650 |a Medicine, popular,Self-care, health,Consumer education 
904 |i Giang 
980 |a Trung tâm Học liệu Trường Đại học Cần Thơ